00736 2200181 4500245006200000020002200062250001100084100002100095700002000116650001400136005001900150260003700169041001400206084001000220300002300230500029200253336000900545 aInstant Marketing For Busy PeoplecArdhi RidwansyahhText a978-602-6847-32-4 aCet. 1 aArdhi Ridwansyah aFirda Nurizahro aMarketing a20240110092748 aJakartabPenerbit Erlanggac2017 aIndonesia a658.8 a134 hlm. :c20 cm. aBuku ini berisi kombinasi dari pengalaman rill perusahaan-perusahaan Indonesia, referensi-referensi pemasaran kelas dunia, serta analisis ala konsultan yang sudah berpengalaman. Konten yang disajikan juga telah diseleksi agar pembaca benar-benar bisa mendapatkan intisari dari pemasaran. atext